00573nam a2200205Ia 4500008004100000041001200041082001200053100002000065245004900085260005000134300000900184365000800193520001700201520001300218546001200231630004900243650001300292655001300305730004900318101110s9999 xx 000 0 und d aENGLISH bSR31124 aSchildt Herbert aJava TM2: the complete reference 5th edition c2008bTata McGraw hill Publication, New delhi a1154 b465 aBSc Computer aComputer aENGLISH aJava TM2: the complete reference 5th edition aComputer aComputer aJava TM2: the complete reference 5th edition